| 000 | 01241nam a2200277 i 4500 | ||
|---|---|---|---|
| 001 | 180091 | ||
| 003 | ES-MaACL | ||
| 005 | 20230928114938.0 | ||
| 008 | 120416s1995 sp abeo |||| | spa d | ||
| 020 | _a84-87319-99-8 | ||
| 080 | _a551.763(460:234 Cuenca) | ||
| 080 | _a551.312.48.051(460:234 Cuenca)"6153" | ||
| 100 | 1 |
_aFregenal Martínez, María Antonia. _9149781 |
|
| 245 | 1 | 3 |
_aEl sistema lacustre de las Hoyas _b: (Cretácico inferior, Serranía de Cuenca) : estratigrafía y sedimentología / _cMaría Antonia Fregenal Martínez. |
| 260 |
_aCuenca : _bDiputación de Cuenca, Área de Cultura, _c[1995] |
||
| 300 |
_a181 p., [1] h. pleg. mapa : _bil. col. y n. fot., ; _c26 cm. |
||
| 490 | 1 |
_aPaleontología ; _v1 |
|
| 502 | _aTesis - Departamento de Estratigrafía de la Facultad de Ciencias Geológicas (UCM), centro coordinado con el Instituto de Geológica Económica (C.S.I.C.) | ||
| 504 | _aBibliografía: p. 175-181. | ||
| 650 | 7 |
_aGeología- _zCuenca (Provincia) _9149780 |
|
| 710 | 1 |
_aCuenca (Provincia). _bDiputación Provincial. _93346 |
|
| 830 | 0 |
_aPaleontología ; _v1 _9224593 |
|
| 852 |
_aES-MaACL _jA-12048 _9187001 _bR.146871 _cDEPO1 _dOlim: N-5053 |
||
| 942 | _2udc | ||
| 999 |
_c180091 _d180091 |
||